000 00232 a2200097 4500
001 10810
100 _aShabain, M. A.
245 _aIslamic Historys a New Interpretation
260 _a
_bCambridge Unin Press
_c
090 _c8396
_d8396
942 _aNUST-CAE
_cM
_c35151
999 _c245883
_d245883